000 00314nam a2200133Ia 4500
005 20260326100038.0
008 260326s9999||||xx |||||||||||||| ||und||
100 _aTarragó, Salvador
245 0 _aGaudí /
_cSalvador Tarragó
260 _bEscudo de Oro
300 _a125 p.
650 _aARQUITECTOS
942 _cBK
999 _c6894
_d6894